MDQL
is popping MORE tags! Check the
thread
!
Quizzes
Events
Quiz Creation
Community
Videos
Private Events
Remove Ads
Sign In
Join for FREE
Feedback
Dark Mode
Quiz Categories
Sports
Geography
Music
Movies
Television
Just For Fun
Miscellaneous
History
Literature
Language
Science
Gaming
Entertainment
Religion
Holiday
For Kids
Quiz Lab
Recent
Popular Today
Quiz Kudos Today
Editor Picks
Curator Picks
Quizzes by...
Day
Popularity
Type
Ratings
Length
Year
Community
Subscriptions
Recent Discussions
Orange Saloon
Badges
Playlists
Quests
Create
Leaderboards
Showdown
Live 5
Trivia Bingo
Activity
Puzzle Library
Sporcle Events
Private Events
Virtual Trivia
Globe League
Become a Host
Pub Owners
SporcleCon
Opinionation
Our Games
Videos
Blog
Mobile Apps
Partnerships
Remove Ads and Go Orange
Feedback
Sports
Athletes
MLB
NBA
NHL
NFL
Soccer
Sports Teams
WWE
NCAA
Football
Premier League
Basketball
Baseball
Hockey
Golf
Tennis
Cricket
Rugby
Auto Racing
Olympics
World Cup
Sports
Athletes
MLB
NBA
NHL
NFL
Soccer
Sports Teams
WWE
NCAA
Football
Premier League
Basketball
Baseball
Hockey
Golf
Tennis
Cricket
Rugby
Auto Racing
Olympics
World Cup
Random Quiz
Search Sporcle
×
Quiz Lab
Quiz Lab
Sports
NFL
Type in answers that appear in a list
Type in answers that appear in a list
Classic
Best Score? Go Orange.
NFL Super Bowl Winners Stats
Can you name the NFL Super Bowl Winners?
By
EpicSmiley100
10m
45 Questions
43 Plays
43 Plays
43 Plays
Comments
Comments
Give Quiz Kudos
Give Quiz Kudos
-
- Ratings
hide this ad
Forced Order
Answers have to be entered in order
Answers have to be entered in order
Replay
Link that replays current quiz
Next Quiz
Link to next quiz in quiz playlist
You Got
0%
They Got
Avg Score
62%
Avg Friend Score
Upgrade to see
Score Distribution
Jump to the score distribution portion of the page
Score
0/45
Timer
10:00
0
Plays Today
Year
Team
% Correct
Year Of 1967
Green Bay
88.4%
Year Of 1968
Green Bay
83.7%
Year Of 2007
Colts
76.7%
Year Of 2010
Saints
74.4%
Year Of 2011
Green Bay
74.4%
Year Of 2008
Giants
72.1%
Year Of 2009
Steelers
72.1%
Year Of 1969
Jets
69.8%
Year Of 1992
Redskins
69.8%
Year Of 2001
Ravens
69.8%
Year Of 2002
Patriots
69.8%
Year Of 2003
Buccaneers
69.8%
Year Of 2004
Patriots
69.8%
Year Of 2005
Patriots
69.8%
Year Of 1975
Steelers
67.4%
Year Of 1993
Cowboys
67.4%
Year Of 1994
Cowboys
67.4%
Year Of 1996
Cowboys
67.4%
Year Of 2006
Steelers
67.4%
Year Of 1970
Kansas City
65.1%
Year Of 1976
Steelers
65.1%
Year Of 1989
San Francisco
65.1%
Year Of 1999
Broncos
65.1%
Year
Team
% Correct
Year Of 1973
Dolphins
62.8%
Year Of 1900
San Francisco
62.8%
Year Of 1997
Green Bay
62.8%
Year Of 1998
Broncos
62.8%
Year Of 2000
Rams
62.8%
Year Of 1972
Cowboys
60.5%
Year Of 1991
Giants
60.5%
Year Of 1995
San Francisco
60.5%
Year Of 1979
Steelers
58.1%
Year Of 1974
Dolphins
55.8%
Year Of 1980
Steelers
55.8%
Year Of 1978
Cowboys
53.5%
Year Of 1988
Redskins
53.5%
Year Of 1977
Raiders
51.2%
Year Of 1981
Raiders
51.2%
Year Of 1986
Chicago
51.2%
Year Of 1971
Colts
48.8%
Year Of 1983
Redskins
48.8%
Year Of 1985
San Francisco
48.8%
Year Of 1987
Giants
46.5%
Year Of 1982
San Francisco
39.5%
Year Of 1984
Los Angeles
7%
Quiz Playlist
Details
Report
Send in Message
Add To Playlist
Classic:
Type in answers that appear in a list
Forced Order:
Answers have to be entered in order
Last Updated: Feb 16, 2017
Quiz Scoreboard
CHALLENGE
Sign Up to Join the Scoreboard
Show All
Scores
Hide
Comments
May contain spoilers
Recently Published
Holiday 10x10 Sorting Gallery
by lukepisani3
Holiday
15m
Two Season TV Shows II
by 123Four
Television
10m
Image Sorting: Flags VI
by Barbecue
Geography
2m
More to Explore
Quiz From the Vault
Featured Blog Post
14 Easter Pick-up Lines to Find Eggs With
hide this ad
You Might Also Like...
Tags
NFL Quiz
Bowl
BOWL WINNERS
team
Winner
Today's Top Quizzes in Sports
Browse Sports
hide this ad
Today's Top Quizzes in NFL
Browse NFL
Top Contributed Quizzes in Sports
1
Les meilleurs buteurs des matchs entre le PSG et l’OM
2
Les entraîneurs de l'OM et du PSG au 21e siècle
3
2022 World Cup Stars
4
Les joueurs passés par le PSG et l'OM
5
Players with Multiple 50 Home Run Seasons
6
FIFA Club World Cup Champions
7
Top 10 NHL Goal Scorers of All Time
8
Les joueurs passés par le LOSC et le RC Lens
9
Criteria MLB: Left Handed Sluggers
10
2023 MLB Unique Player Accomplishments
Explore More
Trending Topics
NBA
Crossword
Anime
Kpop
Harry Potter
Disney
Marvel
WWE
Soccer
NFL
The Office
Country
Pokémon
Song
Puzzle
hide this ad
More By:
EpicSmiley100
Quiz
Plays
Rating
Category
Featured
Created
Scrambler:Christmas Songs
850
3.50
Holiday
Dec 18, 2011
Midwest States Capitols
698
3.00
Geography
Feb 26, 2012
Southeast States Capitols
646
3.00
Geography
Feb 25, 2012
Harry Potter Game
614
2.50
Just For Fun
Nov 26, 2011
Holiday Months
50
2.50
Holiday
Dec 4, 2011
Go to Creator's Profile
Score Distribution
Quiz Creator Spotlight
EpicSmiley100
Follow
Send a Message
Quizzes Created
-
Created Quiz Play Count
-
More By This Creator
Popular Quizzes Today
1
Find the US States - No Outlines Minefield
2
Colored Red Africa Blitz
3
Find the 'City' Movie
4
The Countries of the World
5
5x2 Blitz: Bands
6
Find the US States
7
Find the Countries of Europe - No Outlines Minefield
8
US States
More Sports Quizzes
Evolution of Football Crests: Aston Villa F.C.
Curator's Pick
Trending Quizzes
Colored Red Europe Blitz I
Colored Red Europe Blitz II
Colored Red Africa Blitz II
Colored Red Europe Blitz III
Colored Red Africa Blitz III
Recently Updated
Odd Team Out - Big 4 Players
pecheneg
Quick Pick: 20 Twenties
pecheneg
March Madness Men's Triple Doubles
pecheneg
How Do You Spell That?
pecheneg
Godzilla Movies
pecheneg
Grab Bag: 4-10 Letters
pecheneg
2024 March Madness Bracket
pecheneg
Famous TV Couples
Peacemaker
Champions League XIs: Real Madrid
pecheneg
Largest US Cities 1790-2010
pecheneg
Trending Topics
Marvel
NBA
Anime
Disney
Harry Potter
Kpop
Crossword
NFL
Pokémon
Soccer
Puzzle
WWE
Song
The Office
Country
Your Account Isn't Verified!
In order to create a playlist on Sporcle, you need to verify the email address you used during registration. Go to your
Sporcle Settings
to finish the process.
Report this User
Report this user for behavior that violates our
Community Guidelines
.
Details:
Send Report
Go to the Sporcle.com Mobile Site →
Comments